| 000 | 00454nam a2200181Ia 4500 | ||
|---|---|---|---|
| 003 | LK-CoDNM | ||
| 005 | 20230923111155.0 | ||
| 008 | 010623t1909 xxu||||| |||| 00| 1 eng d | ||
| 040 |
_aLK-CoDNM _dLK-CoDNM _eLK-CoDNM |
||
| 041 | _aeng | ||
| 080 | _a12 DD15 | ||
| 100 | _aLee,Sidney. | ||
| 245 | _aDictionary of National Biography | ||
| 260 |
_bSmith,Elder, co _aLondon _c1909 |
||
| 300 | _bvi,1352p., 23 cm | ||
| 650 | _aOwens-Pockrich | ||
| 942 | _cBK | ||
| 999 |
_c87016 _d87016 |
||